000
00248nam a22001097a 4500
008
170117b xxu||||| |||| 00| 0 eng d
020
_a
9781405187183
041
_a
eng
080
_a
618.2
245
_a
NURSING DIAGNOSIS
_c
HERDMAN, H
942
_2
udc
_c
BK
999
_c
3016
_d
3016